The shape of actions : what humans and machines can do

Αποθηκεύτηκε σε:
Λεπτομέρειες βιβλιογραφικής εγγραφής
Κύριος συγγραφέας: Collins, H. M. (Harry M.), 1943-
Άλλοι συγγραφείς: Kusch, Martin
Μορφή: Βιβλίο
Γλώσσα:English
Δημοσίευση: Cambridge, Mass. : MIT Press, c1998.
Θέματα:
Ετικέτες: Προσθήκη ετικέτας
Δεν υπάρχουν, Καταχωρήστε ετικέτα πρώτοι!

MARC

LEADER 00000cam a2200000 i 4500
001 1/65340
008 071130s1998 mau| ||| |||| ||eng||
020 |a 0262032570 
035 |l 10092697 
040 |a GR-MyUa  |b gre  |e AACR2 
041 0 |a eng 
082 7 |a 620.82   |2 (22) 
100 1 |a Collins, H. M.   |q (Harry M.),   |d 1943- 
245 1 4 |a The shape of actions :   |b what humans and machines can do /   |c Harry Collins and Martin Kusch. 
260 |a Cambridge, Mass. :   |b MIT Press,   |c c1998. 
300 |a xi, 212 σ. :   |b εικ. ;   |c 24 εκ. 
504 |a Βιβλιογραφία: σ. [199]-206. Ευρετήριο. 
650 0 |a Human-machine systems. 
650 0 |a Automation. 
700 1 |a Kusch, Martin. 
852 |a INST  |b SYROS  |e 20071130  |h 620.82 COL  |p 005500006852  |q 005500006852  |t BK  |y 0 
901 |a BIBL5-2007-3 
922 |a 5ΕΛΗ  |b 200709  |c Βιβλιοθήκη Σύρου  |d Glory Book 
970 |a Καγιαβά  |b Ειρήνη  |z 30/11/2007